Groupes de 7 #1 - Statistiques

Statistiques générales
  • Ce quiz a été pris 26 561 fois
    24 935 depuis la dernière actualisation
  • Le résultat moyen est 33 sur 56
Statistiques - réponses
Indice Pays % Correct
Notes de musique Do/Ut
97%
Continents Europe
97%
Notes de musique Fa
97%
Notes de musique La
97%
Notes de musique Mi
97%
Notes de musique
97%
Notes de musique Si
97%
Continents Asie
96%
Notes de musique Sol
96%
Continents Afrique
95%
Continents Amérique du Nord
95%
Continents Amérique du Sud
95%
Continents Océanie
95%
Continents Antarctique
76%
Péchés capitaux Gourmandise
75%
Tomes de Harry Potter A l'école des sorciers
74%
Nains dans Blanche-Neige Grincheux
72%
Tomes de Harry Potter La Coupe de feu
72%
Pays d'Amérique centrale Panama
71%
Tomes de Harry Potter La Chambre des secrets
67%
Tomes de Harry Potter Le Prisonnier d'Azkaban
66%
Péchés capitaux Luxure
66%
Pays d'Amérique centrale Costa Rica
65%
Pays d'Amérique centrale Honduras
65%
Pays d'Amérique centrale Guatemala
64%
Pays d'Amérique centrale Nicaragua
63%
Tomes de Harry Potter Les Reliques de la Mort
62%
Nains dans Blanche-Neige Simplet
62%
Pays d'Amérique centrale Salvador
61%
Péchés capitaux Avarice
59%
Tomes de Harry Potter Le Prince de sang-mêlé
59%
Pays d'Amérique centrale Belize
58%
Nains dans Blanche-Neige Atchoum
54%
Péchés capitaux Paresse
54%
Tomes de Harry Potter L'Ordre du Phénix
53%
Péchés capitaux Colère
52%
Péchés capitaux Envie
50%
Nains dans Blanche-Neige Dormeur
47%
Nains dans Blanche-Neige Prof
47%
Péchés capitaux Orgueil
45%
Epreuves de l'heptathlon Lancer du javelot
44%
Epreuves de l'heptathlon Saut en hauteur
44%
Nains dans Blanche-Neige Joyeux
43%
Epreuves de l'heptathlon Saut en longueur
43%
Epreuves de l'heptathlon Lancer du poids
42%
Nains dans Blanche-Neige Timide
36%
Epreuves de l'heptathlon 200 mètres
25%
Epreuves de l'heptathlon 800 mètres
21%
Collines de Rome Palatin
21%
Epreuves de l'heptathlon 100 mètres haies
18%
Collines de Rome Aventin
11%
Collines de Rome Capitole
11%
Collines de Rome Quirinal
9%
Collines de Rome Esquilin
8%
Collines de Rome Viminal
8%
Collines de Rome Caelius
7%
Aucun quiz correspondant
Distribution des résultats
% des personnes avec chaque résultat
Percentile par nombre de réponses
Votre historique - résultats
Vous n’avez pas pris ce quiz depuis la dernière actualisation